Detalles MARC
| 000 -CABECERA |
| campo de control de longitud fija |
01087nam a22002537a 4500 |
| 003 - IDENTIFICADOR DEL NÚMERO DE CONTROL |
| campo de control |
BPGM |
| 008 - DATOS DE LONGITUD FIJA--INFORMACIÓN GENERAL |
| campo de control de longitud fija |
260630b mx ||||| |||| 00| 0 spa d |
| 020 ## - NÚMERO INTERNACIONAL ESTÁNDAR DEL LIBRO |
| Número Internacional Estándar del Libro |
978-607-7981-02-2 |
| 040 ## - FUENTE DE LA CATALOGACIÓN |
| Lengua de catalogación |
SPA |
| 041 ## - CÓDIGO DE LENGUA |
| Código de lengua del texto/banda sonora o título independiente |
SPA |
| Código de lengua original |
SPA |
| 082 04 - NÚMERO DE LA CLASIFICACIÓN DECIMAL DEWEY |
| Número de clasificación |
CQ / 972.45 |
| Número de documento/Ítem |
S48 |
| 100 ## - ENTRADA PRINCIPAL--NOMBRE DE PERSONA |
| Nombre de persona |
SEPTIÉN Y SEPTIÉN MANUEL |
| Término indicativo de función/relación |
AUTOR |
| 245 ## - MENCIÓN DE TÍTULO |
| Título |
HISTORIA DE QUERÉTARO |
| 260 ## - PUBLICACIÓN, DISTRIBUCIÓN, ETC. |
| Lugar de publicación, distribución, etc. |
MÉXICO |
| Nombre del editor, distribuidor, etc. |
LIBRARIUS |
| Fecha de publicación, distribución, etc. |
2013 |
| 300 ## - DESCRIPCIÓN FÍSICA |
| Extensión |
235 PÁGINAS |
| Dimensiones |
14 CM X 20 CM |
| 336 ## - TIPO DE CONTENIDO |
| Fuente |
rdacontent |
| Término de tipo de contenido |
texto |
| Código de tipo de contenido |
txt |
| 337 ## - TIPO DE MEDIO |
| Fuente |
rdamedia |
| Nombre/término del tipo de medio |
sin mediación |
| Código del tipo de medio |
n |
| 338 ## - TIPO DE SOPORTE |
| Fuente |
rdacarrier |
| Nombre/término del tipo de soporte |
volumen |
| Código del tipo de soporte |
nc |
| 505 ## - NOTA DE CONTENIDO CON FORMATO |
| Nota de contenido con formato |
ABARCA EL DESARROLLO REGIONAL DESDE LA ÉPOCA PREHISPÁNICA HASTA PRINCIPIOS DEL SIGLO XIX, CENTRÁNDOSE EN LA FUNDACIÓN DE LA CIUDAD, LA CONQUISTA, LOS GRUPOS INDÍGENAS Y LA EVOLUCIÓN SOCIAL Y GEOPOLÍTICA. LA OBRA DETALLA LA BATALLA DEL CERRO DE SANGREMAL, EL TRAZO URBANO, LA CONSTRUCCIÓN DEL ACUEDUCTO Y CONVIVENCIA SOCIAL DURANTE LA ÉPOCA COLONIAL. |
| 650 ## - PUNTO DE ACCESO ADICIONAL DE MATERIA--TÉRMINO DE MATERIA |
| Fuente del encabezamiento o término |
GEOGRAFÍA E HISTORIA |
| 650 ## - PUNTO DE ACCESO ADICIONAL DE MATERIA--TÉRMINO DE MATERIA |
| Fuente del encabezamiento o término |
HISTORIA GENERAL DE AMÉRICA DEL NORTE |
| 650 ## - PUNTO DE ACCESO ADICIONAL DE MATERIA--TÉRMINO DE MATERIA |
| Fuente del encabezamiento o término |
MESOAMÉRICA (AMÉRICA MEDIA) MÉXICO |
| 942 ## - ELEMENTOS DE PUNTO DE ACCESO ADICIONAL (KOHA) |
| Fuente del sistema de clasificación o colocación |
Dewey Decimal Classification |
| Tipo de ítem Koha |
Colección Querétaro |